Statystyki dla Żeńskie Imiona na literę R

Kliknij tutaj aby rozwiązać quiz!

Ogólne statystyki

  • Ten quiz został rozwiązany 269 razy
  • Średni wynik to 7 z 18

Statystyki odpowiedzi

Imiona% Poprawnych
Renata
91%
Róża
75%
Rozalia
56%
Regina
54%
Roksana
50%
Roma
49%
Radosława
43%
Rita
39%
Ryszarda
38%
Romana
37%
Roberta
35%
Ramona
29%
Romualda
22%
Rafaela
16%
Rebeka
12%
Racława
6%
Racibora
4%
Racisława
3%

Rozkład punktacji

Percentyl według liczby udzielonych odpowiedzi

Procent ludzi z każdym wynikiem

Twoja historia wyników

Nie rozwiązałeś tego quizu